Ultimate Pet Simulator X Pets Quiz - Statistics

General Stats
  • This quiz has been taken 30 times
  • The average score is 24 of 317
Answer Stats
Egg Pet % Correct
Cracked Egg Cat
100%
Cracked Egg Dog
100%
Cracked Egg Bunny
83%
Cracked Egg White Bunny
50%
Spotted Egg Chick
42%
Samurai Egg Axolotl
38%
Cracked Egg Dalmatian
38%
Spotted Egg Cow
33%
Wood Egg Fox
33%
Wood Egg Monkey
33%
Grass Egg Parrot
33%
Spotted Egg Chicken
29%
Rock Egg Happy Rock
29%
Spotted Egg Noob
29%
Wood Egg Bear
25%
Obsidian Egg Dragon
25%
Coconut Egg Ducky
25%
Hell Egg Hell Rock
25%
Wood Egg Lamb
25%
Coconut Egg Shark
25%
Ice Egg Snowman
25%
Beachball Egg Blue Fish
21%
Flower Doodle Egg Doodle Cat
21%
Beachball Egg Hydra
21%
Samurai Egg Panda
21%
Spotted Egg Piggy
21%
Grass Egg Tiger
21%
Beachball Egg Turtle
21%
Haunted Egg Agony
17%
Heaven Egg Angel Cat
17%
Geode Egg Bat
17%
Wood Egg Corgi
17%
Rainbow Egg Cupcake
17%
Enchanted Egg Fairy
17%
Obsidian Egg Fire Cat
17%
Obsidian Egg Fire Dog
17%
Rock Egg Gecko
17%
Glitch Egg Glitched Cat
17%
Glitch Egg Glitched Dog
17%
Beachball Egg Goldfish
17%
Beachball Egg Green Fish
17%
Hacker Egg Hacked Cat
17%
Coconut Egg Kraken
17%
Spiked Egg Slime
17%
Grass Egg Squirrel
17%
Rainbow Egg Unicorn
17%
Heaven Egg Angel Dog
13%
Grass Egg Black Bear
13%
Geode Egg Bull
13%
Metal Egg Cyborg Bunny
13%
Metal Egg Cyborg Cat
13%
Metal Egg Cyborg Dog
13%
Snow Egg Deer
13%
Rock Egg Elephant
13%
Empyrean Egg Empyrean Fox
13%
Empyrean Egg Empyrean Stallion
13%
Obsidian Egg Fire Horse
13%
Coconut Egg Flamingo
13%
Relic Egg Goblin
13%
Dark Tech Egg Happy Computer
13%
Icicle Egg Husky
13%
Kawaii Egg Kawaii Cat
13%
Relic Egg King Cobra
13%
Cactus Egg Lion
13%
Geode Egg Mortuus
13%
Enchanted Egg Peacock
13%
Heaven Egg Pegasus
13%
Pixel Egg Pixel Cat
13%
Ice Egg Polar Bear
13%
Rainbow Egg Rainbow Slime
13%
Samurai Egg Samurai Dragon
13%
Ice Egg Seal
13%
Haunted Egg Skele
13%
Snow Egg Snow Cat
13%
Empyrean Egg Angelus
8%
Yeti Egg Angry Yeti
8%
Snow Egg Arctic Fox
8%
Planet Egg Blue Fluffy
8%
Chemical Egg Blurred Axolotl
8%
Chemical Egg Blurred Bear
8%
Chemical Egg Blurred Dominus
8%
Yeti Egg Cheerful Yeti
8%
Titanium Egg Cyber Bunny
8%
Metal Egg Cyborg Dragon
8%
Relic Egg Dino
8%
Chemical Egg Dominus Alienus
8%
Dominus Egg Dominus Frigidus
8%
Fairy Doodle Egg Doodle Fairy
8%
Enchanted Egg Enchanted Cat
8%
Enchanted Egg Enchanted Elephant
8%
Rock Egg Griffin
8%
Hacker Egg Haxigator
8%
Hell Egg Hell Chick
8%
Shiny Axolotl Egg Hellish Axolotl
8%
Collar-Dog Eggs + Hot Dog
8%
Icicle Egg Ice Slime
8%
Geode Egg Immortuus
8%
Alien Egg Meebo in a Spaceship
8%
Ice Egg Penguin
8%
Haunted Egg Phantom Wolf
8%
Obsidian Egg Phoenix
8%
Pixel Egg Pixel Chick
8%
Pixel Egg Pixel Corgi
8%
Rainbow Pixel Egg | Spotted Pixel Egg Pixel Demon
8%
Pixel Egg Pixel Dragon
8%
Spotted Pixel-Rainbow Pixel Eggs Pixel Wolf
8%
Yeti Egg Puffin
8%
Relic Egg Purple Cobra
8%
Grass Egg Raccoon
8%
Planet Egg Red Fluffy
8%
Samurai Egg Red Panda
8%
Haunted Egg Shadow Griffin
8%
Snow Egg Snow Dog
8%
Icicle Egg Snow Leopard
8%
Yeti Egg Snow Ram
8%
Icicle Egg Snow Squirrel
8%
Lab Egg Stacked Dog
8%
Lab Egg Stacked Dominus
8%
Steampunk Egg Steampunk Octopus
8%
Coconut Egg Ugly Duckling
8%
Ice Egg Walrus
8%
Haunted Egg Willow Wisp
8%
Hell Egg Wyvern of Hades
8%
Hacker Egg 404 Demon
4%
Titanium Egg A 36
4%
Martian Egg Alien Parasite
4%
Spiked Egg Armadillo
4%
Martian Egg Astronaut Cat
4%
Shiny Axolotl Egg Axolotuus
4%
Paw Egg Balloon Cat
4%
Alien Egg Bleebo the Alien
4%
Mechanical Egg Blimp Dragon
4%
Cactus Egg Bobcat
4%
Sakura Egg Bread Shiba
4%
Spiked Egg Camel
4%
Sakura-Cafe Eggs + Chef Monkey
4%
Rainbow Egg Cotton Candy Lamb
4%
Tech Egg Cyborg Dominus
4%
Tech Egg Cyborg Ducky
4%
Tech Egg Cyborg Panda
4%
Enchanted Egg Cyclops
4%
Hell Egg Demon
4%
Cactus Egg Desert Cat
4%
Dominus Egg Dominus Empyreus
4%
Dominus Egg Dominus Infernus
4%
Dominus Egg Domortuus
4%
Fairy Doodle-Gem Eggs Doodle Agony
4%
Tropical Doodle-Barn Doodle Eggs Doodle Axolotl
4%
Flower Doodle Egg Doodle Bunny
4%
Farm Doodle Egg Doodle Chicken
4%
Barn Doodle Egg Doodle Dolphin
4%
Fairy Doodle-Gem Eggs Doodle Dragon
4%
Mushroom Doodle Egg Doodle Fox
4%
Farm Doodle Egg Doodle Lamb
4%
Tropical Doodle-Barn Doodle Eggs Doodle Monkey
4%
Tropical Doodle-Barn Doodle Eggs Doodle Parrot
4%
Tropical Doodle-Barn Doodle Eggs Doodle Shark
4%
Safari Doodle Egg Doodle Tiger
4%
Mechanical Egg Ducky Magician
4%
Axolotl Egg Empyrean Axolotl
4%
Empyrean Egg Empyrean Dragon
4%
Enchanted Egg Froggy
4%
Snow Egg Frost Dragon
4%
Planet Egg Galaxy Fox
4%
Collar Egg Gamer Shiba
4%
Haunted Egg Ghost
4%
Martian Egg Gleebo the Alien
4%
Glitch Egg Glitched Dominus
4%
Glitch Egg Glitched Immortuus
4%
Glitch Egg Glitched Phoenix
4%
Relic Egg Green Cobra
4%
Heaven Egg Heavenly Peacock
4%
Magma Egg Hell Fox
4%
Hell Egg Hellhound
4%
Hell Egg Hound of Hades
4%
Yarn Egg-Cat Eggs + Hoverboard Cat
4%
Hacker Egg Huge Hacked Cat
4%
Rainbow Pixel Egg Huge Pixel Cat
4%
Icicle Egg Icemortuus
4%
Magma Egg Lava Slime
4%
Axolotl Egg Lumi Axolotl
4%
Dark Tech Egg M2 PROTOTYPE
4%
Dark Tech Egg M6 PROTOTYPE
4%
Alien Egg Meebo the Alien
4%
Geode Egg Orange Gecko
4%
Spotted Pixel Egg Pixel Goblin
4%
Rainbow Egg Rainbow Fish
4%
Lab Egg Reversed Cat
4%
Lab Egg Reversed Dog
4%
Yarn Egg-Cat Eggs + Rich Cat
4%
Dark Tech Egg Robot
4%
Samurai Egg Samurai Bull
4%
Spiked Egg Sand Turtle
4%
Relic Egg Sphinx
4%
Lab Egg Stacked Cat
4%
Mechanical Egg Steampunk Crocodile
4%
Mechanical Egg Steampunk Fish
4%
Steampunk Egg Steampunk Wolf
4%
Dark Tech Egg Techno Cat
4%
Magma Egg Three Headed Dragon
4%
Bone Egg Umbrella Dog
4%
Bone Egg Wizard Westie
4%
Planet Egg Alien Arachnid
0%
Martian Egg Alien Axolotl
0%
Shiny Axolotl Egg Astral Axolotl
0%
Dog-Disco Eggs Atomic Corgi
0%
Collar-Dog Eggs + Basketball Retriever
0%
Spiked Egg Black Widow
0%
Chemical Egg Blurred Agony
0%
Bone Egg Bubble Dog
0%
Sakura Egg Butterfly Llama
0%
Axolotl Egg Camo Axolotl
0%
Steampunk Egg Cat Magician
0%
Axolotl Egg Chill Axolotl
0%
Paw Egg Clown Cat
0%
Relic Egg Crocodile
0%
Sakura-Cafe Eggs + Cupcake Unicorn
0%
Dark Tech Egg Cyber Fox
0%
Titanium Egg Cyber Raccoon
0%
Tech Egg Cyborg Mortuus
0%
Yarn Egg Demolition Cat
0%
Collar Egg Detective Terrier
0%
Kawaii Egg Dino Bear
0%
Flower Doodle Egg Doodle Bee
0%
Mushroom Doodle Egg Doodle Black Bear
0%
Flower Doodle Egg Doodle Corgi
0%
Farm Doodle Egg Doodle Cow
0%
Safari Doodle Egg Doodle Crocodile
0%
Flower Doodle Egg Doodle Ducky
0%
Safari Doodle Egg Doodle Elephant
0%
Tropical Doodle Egg Doodle Fish
0%
Tropical Doodle Egg Doodle Flamingo
0%
Mushroom Doodle Egg Doodle Green Cobra
0%
Fairy Doodle Egg Doodle Griffin
0%
Gem Doodle Egg Doodle Hydra
0%
Safari Doodle Egg Doodle Lemur
0%
Safari Doodle-Gem Doodle Eggs Doodle Lion
0%
Farm Doodle Egg Doodle Mouse
0%
Snowy Doodle Egg Doodle Narwhal
0%
Fairy Doodle Egg Doodle Pegasus
0%
Snowy Doodle Egg Doodle Penguin
0%
Farm Doodle Egg Doodle Piggy
0%
Mushroom Doodle Egg Doodle Raccoon
0%
Safari Doodle-Gem Doodle Eggs Doodle Rhino
0%
Mushroom Doodle Egg Doodle Sloth
0%
Snowy Doodle Egg Doodle Snow Leopard
0%
Snowy Doodle Egg Doodle Snow Owl
0%
Snowy Doodle Egg Doodle Snow Ram
0%
Mushroom Doodle Egg Doodle Squirrel
0%
Tropical Doodle Egg Doodle Turtle
0%
Farm Doodle Egg Doodle Ugly Duckling
0%
Fairy Doodle-Gem Eggs Doodle Unicorn
0%
Snowy Doodle Egg Doodle Walrus
0%
Heaven Egg Dove
0%
Empyrean Egg Empyrean Snake
0%
Enchanted Egg Enchanted Deer
0%
Yarn Egg Error Cat
0%
Shiny Axolotl Egg Fancy Axolotl
0%
Bone Egg Firefighter Dalmatian
0%
Magma Egg Flamortuus
0%
Kawaii Egg Flower Panda
0%
Paw Egg Fluffy Cat
0%
Paw Egg Garden Cat
0%
Glitch Egg Glitched Dragon
0%
Glitch Egg Glitched Unicorn
0%
Hacker Egg Hacked Raccoon
0%
Hacker Egg Haxolotl
0%
Yarn Egg-Cat Eggs + Helicopter Cat
0%
Magma Egg Hell Bat
0%
Hell Egg Hell Spider
0%
Cat Egg-Royal Eggs Huge Balloon Cat
0%
Dog-Disco Eggs Huge Basketball Retriever
0%
Cafe-Dojo Eggs Huge Bread Shiba
0%
Tropical Doodle-Barn Doodle Eggs Huge Doodle Cat
0%
Gem Doodle Egg Huge Doodle Fairy
0%
Dog-Disco Eggs Huge Firefighter Dalmatian
0%
Disco Egg Huge Gamer Shiba
0%
Royal Egg Huge Green Balloon Cat
0%
Cafe-Dojo Eggs Huge Kawaii Cat
0%
Kawaii Alley Egg Huge Kawaii Dragon
0%
Kawaii Alley Egg Huge Ninja Axolotl
0%
Shiny Axolotl Egg Hydra Axolotl
0%
Paw Egg Hydra Cat
0%
Planet Egg Jelly Alien
0%
Cafe-Dojo Eggs Masked Owl
0%
Mechanical Egg Mechanical Spider
0%
Titanium Egg Metal Skull
0%
Axolotl Egg Midnight Axolotl
0%
Mechanical Egg Mining Mole
0%
Kawaii Egg Mushroom Fox
0%
Shiny Axolotl Egg Nature Axolotl
0%
Collar Egg Nerd Collie
0%
Alien Egg Nine Eyed Lion
0%
Cactus Egg Panther
0%
Spotted Pixel Egg Pixel Dino
0%
Rainbow Pixel Egg | Spotted Pixel Egg Pixel Pink Slime
0%
Spotted Pixel Egg Pixel Shark
0%
Pixel Egg Pixel Tiger
0%
Sakura Egg Playful Seal
0%
Paw Egg Propeller Cat
0%
Bone Egg Punksky
0%
Haunted Egg Reaper
0%
Collar Egg Robber Pug
0%
Yarn Egg Safety Cat
0%
Sakura-Cafe Eggs + Sailor Narwhal
0%
Kawaii Egg Seedling Squirrel
0%
Collar-Dog Eggs + Skateboard Bulldog
0%
Steampunk Egg Sophisticated Fox
0%
Martian Egg Star Surfer
0%
Steampunk Egg Steampunk Bat
0%
Axolotl Egg Storm Axolotl
0%
Kawaii Egg Strawberry Cow
0%
Bone Egg Torpedo Shepherd
0%
Steampunk Egg Toy Mouse
0%
Samurai Egg White Tiger
0%
No matching quizzes found
Score Distribution
Percent of People with Each Score
Percentile by Number Answered
Your Score History
You have not taken this quiz